Culture and ethnology (Record no. 360982)

MARC details
000 -LEADER
fixed length control field 00421 a2200169 4500
005 - DATE & TIME
control field 20250527131648.0
008 - FIXED-LENGTH DATA ELEMENTS--GENERAL INFORMATION
fixed length control field 250527b |||||||| |||| 00| 0 eng d
020 ## - ISBN
International Standard Book Number 9789390680627
Price Rs. 925.00
040 ## - CATALOGING SOURCE
Original cataloging agency VIVEKANANDA LIBRARY
082 ## - DDC NUMBER
Classification number 305.8
Book Number L954C
100 ## - MAIN ENTRY--PERSONAL NAME
Personal name Lowie, Robert H
245 ## - TITLE STATEMENT
Title Culture and ethnology
260 ## - PUBLICATION, DISTRIBUTION, ETC. (IMPRINT)
Name of publisher, distributor, etc Hilltop Publications
Date of publication, distribution, etc 2023
Place of publication, distribution, etc Jaipur
300 ## - PHYSICAL DESCRIPTION
Pages vi, 120
650 ## - Subject
Subject Sociology
942 ## - ADDED ENTRY ELEMENTS (KOHA)
Koha item type Books
Holdings
Withdrawn status Lost status Source of classification or shelving scheme Damaged status Not for loan Location (home branch) Sublocation or collection (holding branch) Shelving location Date acquired Koha issues (times borrowed) Koha full call number Accession No. Koha date last seen Koha item type
    Dewey Decimal Classification     VIVEKANANDA LIBRARY VIVEKANANDA LIBRARY Vivekananda Library 23/01/2025   305.8 L954C 441899 23/01/2025 Books
© Designed and Maintained by Vivekananda Library, MDU Rohtak